[Event "3. ODEM U25 2006"]
[Site "Willingen GER"]
[Date "2006.06.06"]
[Round "5"]
[White "Seyb, Alexander"]
[Black "Albers, Damian"]
[Result "1-0"]
[Termination "normal"]
[Board "6"]
[WhiteElo "2122"]
[BlackElo "1978"]
[PlyCount "79"]
[WhiteFideId "4699033"]
[BlackFideId "4695186"]
[EventCountry "GER"]
[EventRounds "9"]
[EventType "swiss"]
[EventDate "2006.06.03"]

1. e4 c6 2. d4 d5 3. e5 c5 4. dxc5 Nc6 5. Bb5 Bf5 6. Be3 e6 7. Nf3 Bg4 8. O-O
Qc7 9. Bd4 Nge7 10. c3 Ng6 11. Re1 Be7 12. h3 Bxf3 13. Qxf3 O-O 14. Qe3 Qa5 15.
Bxc6 bxc6 16. Nd2 Rab8 17. b4 Qa3 18. Nb3 Bd8 19. Qc1 Qa4 20. Qd1 Bc7 21. g3
Qa3 22. Qc1 Qa4 23. h4 Ne7 24. h5 a5 25. bxa5 Bxa5 26. Kg2 Bd8 27. h6 g6 28. g4
Kh8 29. Qd2 Ng8 30. Reb1 f5 31. exf6 e5 32. f7 Nf6 33. g5 exd4 34. gxf6 dxc3
35. Qd4 Rb4 36. Qxc3 Rh4 37. Re1 Re4 38. f3 Rxf7 39. fxe4 Bxf6 40. e5 1-0

[Event "3. ODEM U25 2006"]
[Site "Willingen GER"]
[Date "2006.06.06"]
[Round "5"]
[White "Dorn, Matthias"]
[Black "Coenen, Michael"]
[Result "1/2-1/2"]
[Termination "normal"]
[Board "7"]
[WhiteElo "1893"]
[BlackElo "2109"]
[PlyCount "73"]
[WhiteFideId "24600695"]
[BlackFideId "4697367"]
[EventCountry "GER"]
[EventRounds "9"]
[EventType "swiss"]
[EventDate "2006.06.03"]

1. d4 Nf6 2. c4 e6 3. Nc3 Bb4 4. f3 d5 5. a3 Bxc3+ 6. bxc3 b6 7. cxd5 exd5 8.
e3 O-O 9. Bd3 Re8 10. Ne2 c5 11. O-O Nbd7 12. Ng3 Nf8 13. Ra2 Bb7 14. Re2 Re7
15. Bb2 Ne6 16. Qd2 Qc7 17. Bc1 Rc8 18. Rfe1 g6 19. Nh1 h5 20. Bb2 h4 21. Nf2
Rce8 22. Nh3 Nh5 23. Bc1 Bc8 24. Bb5 Rd8 25. e4 cxd4 26. cxd4 Neg7 27. Nf4 dxe4
28. Nxh5 Nxh5 29. fxe4 h3 30. Qg5 a6 31. g4 Ng3 32. Bf4 Nxe2+ 33. Rxe2 Qa7 34.
Qf6 Kh7 35. Qh4+ Kg8 36. Qf6 Kh7 37. Qh4+ 1/2-1/2

[Event "3. ODEM U25 2006"]
[Site "Willingen GER"]
[Date "2006.06.06"]
[Round "5"]
[White "Reck, Moritz"]
[Black "Bissbort, Julian"]
[Result "1/2-1/2"]
[Termination "normal"]
[Board "8"]
[WhiteElo "1904"]
[BlackElo "2042"]
[PlyCount "24"]
[WhiteFideId "24647748"]
[BlackFideId "24618144"]
[EventCountry "GER"]
[EventRounds "9"]
[EventType "swiss"]
[EventDate "2006.06.03"]

1. d4 d5 2. c4 e5 3. Nf3 e4 4. Nfd2 e3 5. fxe3 Nf6 6. cxd5 Nxd5 7. Qb3 Be6 8.
Qxb7 Nxe3 9. Qxa8 Nc2+ 10. Kd1 Ne3+ 11. Ke1 Nc2+ 12. Kd1 Ne3+ 1/2-1/2

[Event "3. ODEM U25 2006"]
[Site "Willingen GER"]
[Date "2006.06.06"]
[Round "5"]
[White "Patzer, Stefan"]
[Black "Yin, Zixiao"]
[Result "1-0"]
[Termination "normal"]
[Board "9"]
[WhiteElo "2033"]
[BlackElo "1898"]
[PlyCount "47"]
[WhiteFideId "24601209"]
[BlackFideId "24622729"]
[EventCountry "GER"]
[EventRounds "9"]
[EventType "swiss"]
[EventDate "2006.06.03"]

1. e4 c6 2. f4 g6 3. Nf3 d6 4. d4 Bg7 5. Bc4 Nf6 6. Nbd2 Nxe4 7. Bxf7+ Kxf7 8.
Nxe4 Rf8 9. O-O Kg8 10. c3 d5 11. Ng3 Bg4 12. h3 Bxf3 13. Qxf3 e5 14. dxe5 Bxe5
15. Qg4 Bg7 16. f5 Qb6+ 17. Kh1 c5 18. Bg5 Na6 19. Rae1 Rf7 20. f6 Bf8 21. Bh4
Qxb2 22. Nf5 Qxc3 23. Ne7+ Kh8 24. Qe6 1-0

[Event "3. ODEM U25 2006"]
[Site "Willingen GER"]
[Date "2006.06.06"]
[Round "5"]
[White "Schmitt, Philipp"]
[Black "Nuber, Korbinian"]
[Result "0-1"]
[Termination "normal"]
[Board "10"]
[WhiteElo "1887"]
[BlackElo "2121"]
[PlyCount "96"]
[WhiteFideId "24641766"]
[BlackFideId "24607231"]
[EventCountry "GER"]
[EventRounds "9"]
[EventType "swiss"]
[EventDate "2006.06.03"]

1. Nf3 g6 2. g3 Bg7 3. d4 d6 4. Bg2 e5 5. dxe5 dxe5 6. Qxd8+ Kxd8 7. e4 c6 8.
Be3 f6 9. Nbd2 Be6 10. O-O-O Nd7 11. Rhe1 Bh6 12. Bxh6 Nxh6 13. h3 Ke7 14. Bf1
Nb6 15. Nb3 Rad8 16. Nc5 Bc8 17. Rxd8 Rxd8 18. Rd1 Rxd1+ 19. Kxd1 Nd7 20. Nxd7
Bxd7 21. Kd2 Nf7 22. Ke3 g5 23. h4 Be6 24. a3 b6 25. Be2 Nh6 26. hxg5 Ng4+ 27.
Kd2 Nxf2 28. gxf6+ Kxf6 29. Ke3 Nh1 30. Ne1 Nxg3 31. Bf3 Nf1+ 32. Ke2 Nh2 33.
Bg2 Ng4 34. Nd3 Bc4 35. Kf3 Bxd3 36. cxd3 Kg5 37. Bh3 h5 38. Bg2 c5 39. Bh3 Kh4
40. Bg2 Nh2+ 41. Kf2 Kg4 42. a4 a5 43. Bh1 Kf4 44. Bg2 Ng4+ 45. Kg1 Kg3 46. Bf1
h4 47. d4 cxd4 48. b4 h3 0-1

[Event "3. ODEM U25 2006"]
[Site "Willingen GER"]
[Date "2006.06.06"]
[Round "5"]
[White "Grüner, Sven"]
[Black "Zentgraf, Robert"]
[Result "1/2-1/2"]
[Termination "normal"]
[Board "11"]
[WhiteElo "2107"]
[BlackElo "2106"]
[PlyCount "31"]
[WhiteFideId "4687221"]
[BlackFideId "4676483"]
[EventCountry "GER"]
[EventRounds "9"]
[EventType "swiss"]
[EventDate "2006.06.03"]

1. e4 c5 2. c3 d5 3. exd5 Qxd5 4. d4 Nc6 5. Nf3 cxd4 6. cxd4 e5 7. Nc3 Bb4 8.
Bd2 Bxc3 9. Bxc3 e4 10. Ne5 Nxe5 11. dxe5 Ne7 12. Be2 O-O 13. O-O Bf5 14. Qa4
Qe6 15. Bc4 Qg6 16. Kh1 1/2-1/2

[Event "3. ODEM U25 2006"]
[Site "Willingen GER"]
[Date "2006.06.06"]
[Round "5"]
[White "Sonntag, Hermann"]
[Black "Stratonowitsch, Andre"]
[Result "0-1"]
[Termination "normal"]
[Board "12"]
[WhiteElo "2047"]
[BlackElo "1990"]
[PlyCount "187"]
[WhiteFideId "4695925"]
[BlackFideId "24613959"]
[EventCountry "GER"]
[EventRounds "9"]
[EventType "swiss"]
[EventDate "2006.06.03"]

1. e4 c5 2. Nc3 Nc6 3. f4 e6 4. Nf3 d6 5. Bb5 Nge7 6. O-O g6 7. d4 cxd4 8. Qxd4
Qb6 9. Qxb6 axb6 10. Be3 Bg7 11. Bxb6 O-O 12. Bc7 d5 13. e5 Bd7 14. Bd6 Rfe8
15. Nd4 Nc8 16. Bc5 Bf8 17. Bxf8 Rxf8 18. Nb3 b6 19. Rad1 Rd8 20. a3 N8a7 21.
Be2 Rac8 22. Na4 Rb8 23. Rd2 Nxe5 24. Nxb6 Rxb6 25. fxe5 Nc6 26. Rf3 Nxe5 27.
Rc3 Bb5 28. Bxb5 Rxb5 29. Rc7 Rf8 30. a4 Rb4 31. Rd4 Nc4 32. Ra7 Rfb8 33. Rf4
R4b7 34. Ra6 Nxb2 35. Nc5 Rc7 36. Ra5 Nc4 37. Na6 Rb1+ 38. Kf2 Ra7 39. Rb5 Rxb5
40. axb5 Rb7 41. Ke2 Rxb5 42. Kd3 g5 43. Rf1 Ra5 44. Nc7 Nd6 45. Rb1 Ra7 46.
Rb8+ Kg7 47. Ne8+ Nxe8 48. Rxe8 Rc7 49. c3 Rc4 50. Rb8 h5 51. Rb4 Rc5 52. Kd4
Ra5 53. Rb2 Kg6 54. Ke5 Rc5 55. Rc2 Rc4 56. Kd6 Re4 57. Rf2 g4 58. Ke7 f5 59.
Rb2 f4 60. Rb8 Re5 61. Rf8 Rf5 62. Rg8+ Kh7 63. Rb8 f3 64. gxf3 Rxf3 65. Kxe6
Rxc3 66. Kxd5 Rc2 67. Ke4 Rxh2 68. Kf4 Rh3 69. Rb7+ Kg6 70. Rb6+ Kf7 71. Rh6 g3
72. Kf3 h4 73. Kg2 Rh2+ 74. Kg1 Kg7 75. Ra6 Rb2 76. Ra4 Rh2 77. Ra6 Kf7 78. Rh6
Ke7 79. Rg6 Kf8 80. Rh6 Kf7 81. Ra6 Rc2 82. Rh6 Rc4 83. Kg2 Rg4 84. Ra6 h3+ 85.
Kxh3 g2 86. Kxg4 g1=Q+ 87. Kh5 Qd1+ 88. Kg5 Qd2+ 89. Kh4 Qf4+ 90. Kh5 Qf5+ 91.
Kh6 Qh3+ 92. Kg5 Qg2+ 93. Kh4 Qe4+ 94. Kg5 {später} 0-1

[Event "3. ODEM U25 2006"]
[Site "Willingen GER"]
[Date "2006.06.06"]
[Round "5"]
[White "Dalakian, Haroutioun"]
[Black "Geshnizjani, Ramin"]
[Result "1/2-1/2"]
[Termination "normal"]
[Board "13"]
[WhiteElo "1953"]
[BlackElo "2035"]
[PlyCount "56"]
[WhiteFideId "24632058"]
[BlackFideId "24633089"]
[EventCountry "GER"]
[EventRounds "9"]
[EventType "swiss"]
[EventDate "2006.06.03"]

1. e4 c5 2. Nf3 Nc6 3. d4 cxd4 4. Nxd4 Nf6 5. Nc3 e5 6. Ndb5 d6 7. Nd5 Nxd5 8.
exd5 Nb8 9. c4 a6 10. Nc3 Be7 11. Be2 O-O 12. O-O Nd7 13. Kh1 f5 14. f4 Bf6 15.
fxe5 Bxe5 16. Bf4 Qc7 17. Bxe5 Nxe5 18. Qd4 Bd7 19. Rac1 Rac8 20. b3 b5 21.
cxb5 axb5 22. Qb4 Ng4 23. Qf4 Qb6 24. Bxg4 fxg4 25. Qd2 Rxf1+ 26. Rxf1 Rf8 27.
Rxf8+ Kxf8 28. Ne4 Kg8 1/2-1/2

[Event "3. ODEM U25 2006"]
[Site "Willingen GER"]
[Date "2006.06.06"]
[Round "5"]
[White "Stuhl, Alexander"]
[Black "Armbrust, Matthias"]
[Result "1-0"]
[Termination "normal"]
[Board "14"]
[WhiteElo "2115"]
[BlackElo "1739"]
[PlyCount "73"]
[WhiteFideId "24601373"]
[EventCountry "GER"]
[EventRounds "9"]
[EventType "swiss"]
[EventDate "2006.06.03"]

1. e4 c5 2. Nf3 d6 3. d4 cxd4 4. Nxd4 Nf6 5. Bd3 Nc6 6. Nb3 g6 7. c4 Ne5 8. O-O
Bg7 9. Nc3 O-O 10. Bg5 Bd7 11. f4 Nxd3 12. Qxd3 Qb6+ 13. Kh1 Qd8 14. Rad1 Bg4
15. Rd2 Rc8 16. Nd4 Be6 17. b3 a6 18. Nd5 Bxd5 19. cxd5 Qa5 20. Ne2 Rc7 21. e5
dxe5 22. fxe5 Ng4 23. e6 fxe6 24. Rxf8+ Bxf8 25. Qf3 Nh6 26. Rd1 e5 27. d6 exd6
28. Bd8 Qc5 29. Bxc7 Qxc7 30. Nc3 Nf5 31. Nd5 Qc2 32. Rf1 Qc8 33. g4 Nh6 34. h3
b5 35. Kh2 Qd8 36. Rc1 Be7 37. Rc8 1-0

[Event "3. ODEM U25 2006"]
[Site "Willingen GER"]
[Date "2006.06.06"]
[Round "5"]
[White "Billing, Alexander"]
[Black "Knickel, Aaron"]
[Result "1-0"]
[Termination "normal"]
[Board "15"]
[WhiteElo "1790"]
[BlackElo "2007"]
[PlyCount "77"]
[WhiteFideId "24624420"]
[BlackFideId "24605298"]
[EventCountry "GER"]
[EventRounds "9"]
[EventType "swiss"]
[EventDate "2006.06.03"]

1. e4 g6 2. d4 Bg7 3. Nc3 d6 4. Be2 a6 5. Be3 b5 6. Qd2 Bb7 7. f3 Nd7 8. g4 c5
9. h4 h5 10. gxh5 Rxh5 11. f4 Rh8 12. d5 b4 13. Nd1 Ngf6 14. Bf3 Nb6 15. Qe2 a5
16. h5 gxh5 17. Bxh5 Ba6 18. Qg2 Rxh5 19. Rxh5 Nxh5 20. Qg5 Nc4 21. Qxh5 Nxe3
22. Nxe3 Bxb2 23. Rd1 Qb6 24. e5 O-O-O 25. Qxf7 dxe5 26. fxe5 Bxe5 27. Qe6+ Kb7
28. Qxe5 Rg8 29. Qxe7+ Ka8 30. Kd2 Rd8 31. Nf3 c4 32. Qe4 b3 33. axb3 cxb3 34.
Rb1 b2 35. Qd4 Qc7 36. Rxb2 Bb7 37. c4 Qg3 38. Qb6 Ba6 39. Qxa6# 1-0

[Event "3. ODEM U25 2006"]
[Site "Willingen GER"]
[Date "2006.06.06"]
[Round "5"]
[White "Elser, Niklas"]
[Black "Jussupow, Alexander"]
[Result "0-1"]
[Termination "normal"]
[Board "16"]
[WhiteElo "1709"]
[BlackElo "1972"]
[PlyCount "98"]
[WhiteFideId "24634573"]
[BlackFideId "24613509"]
[EventCountry "GER"]
[EventRounds "9"]
[EventType "swiss"]
[EventDate "2006.06.03"]

1. e4 e6 2. d4 d5 3. Nd2 c5 4. Ngf3 cxd4 5. exd5 Qxd5 6. Bc4 Qd6 7. O-O Nf6 8.
Nb3 Nc6 9. Nbxd4 Nxd4 10. Nxd4 a6 11. Re1 Qc7 12. Bb3 Bd6 13. Nf5 Bxh2+ 14. Kh1
O-O 15. Nxg7 Kxg7 16. Qd2 Qf4 17. Qxf4 Bxf4 18. Bxf4 Bd7 19. Be5 Kg6 20. Rad1
Bc6 21. Rd3 Ng4 22. Kg1 Nxe5 23. Rxe5 Kf6 24. Rh5 Be4 25. Rd4 Bg6 26. Rc5 Rfd8
27. Rf4+ Ke7 28. Rc7+ Rd7 29. Rxd7+ Kxd7 30. Rd4+ Ke7 31. f3 Rc8 32. c3 e5 33.
Rb4 Rc7 34. Kf2 Kd6 35. Ke3 b5 36. a4 Kc5 37. axb5 axb5 38. Rh4 Ra7 39. Rh1 f5
40. Rd1 Bf7 41. Bxf7 Rxf7 42. f4 e4 43. Rd4 Rg7 44. b4+ Kc6 45. Kf2 Rd7 46.
Rxd7 Kxd7 47. g4 fxg4 48. f5 h5 49. c4 bxc4 0-1

[Event "3. ODEM U25 2006"]
[Site "Willingen GER"]
[Date "2006.06.06"]
[Round "5"]
[White "Kling, Felix"]
[Black "Kyas, Marcel"]
[Result "0-1"]
[Termination "normal"]
[Board "17"]
[WhiteElo "1684"]
[BlackElo "1918"]
[PlyCount "80"]
[BlackFideId "24642037"]
[EventCountry "GER"]
[EventRounds "9"]
[EventType "swiss"]
[EventDate "2006.06.03"]

1. d4 Nf6 2. Bg5 e6 3. Nf3 d5 4. e3 Be7 5. Bd3 c5 6. c3 O-O 7. Nbd2 b6 8. Ne5
h6 9. Bf4 Bb7 10. h4 Nfd7 11. Qh5 Nxe5 12. dxe5 f5 13. Bxh6 Qe8 14. Qxe8 Rxe8
15. Bg5 Nc6 16. f4 Bxg5 17. hxg5 d4 18. e4 dxc3 19. bxc3 Ne7 20. g3 Kf7 21. Nc4
Nc8 22. Nd2 Ne7 23. Ke2 Rad8 24. Rae1 Bc6 25. Rh2 Rd7 26. Ke3 Red8 27. Bc2 fxe4
28. Bxe4 Bxe4 29. Nxe4 Rd3+ 30. Kf2 Nd5 31. Rc1 a6 32. Rc2 Ne3 33. Nd6+ R8xd6
34. exd6 Nxc2 35. Ke2 Rxd6 36. Kf3 Rd3+ 37. Kg4 Rxc3 38. Rd2 Ne3+ 39. Kh3 Rc1
40. g4 Rh1+ 0-1

[Event "3. ODEM U25 2006"]
[Site "Willingen GER"]
[Date "2006.06.06"]
[Round "5"]
[White "Quaschner, Tobias"]
[Black "Rath, Oliver"]
[Result "1-0"]
[Termination "normal"]
[Board "18"]
[WhiteElo "1693"]
[BlackElo "1887"]
[PlyCount "79"]
[WhiteFideId "24646989"]
[BlackFideId "24610380"]
[EventCountry "GER"]
[EventRounds "9"]
[EventType "swiss"]
[EventDate "2006.06.03"]

1. e4 c5 2. Nf3 Nc6 3. d4 cxd4 4. Nxd4 Nf6 5. Nc3 e6 6. Be2 Bc5 7. Be3 O-O 8.
Nxc6 Qb6 9. Bxc5 Qxc5 10. Nd4 Qg5 11. Bf3 d5 12. exd5 exd5 13. O-O h5 14. Nb3
Rd8 15. Qd2 Qf5 16. Nd4 Qg6 17. Nde2 Be6 18. Nf4 Qg5 19. Rad1 Ne4 20. Bxe4 dxe4
21. Qe3 Bc4 22. Rfe1 f5 23. b3 Bf7 24. Rxd8+ Qxd8 25. Rd1 Qa5 26. Qd2 Kh8 27.
Na4 Qe5 28. Qd6 Qb5 29. Qd7 Qe5 30. Qxf7 Qxf4 31. Qxh5+ Kg8 32. g3 Qe5 33. g4
Rf8 34. gxf5 e3 35. fxe3 Qxe3+ 36. Kg2 Qe4+ 37. Qf3 Qxc2+ 38. Kh1 Qxa2 39. Rg1
Qd2 40. Nc3 1-0

[Event "3. ODEM U25 2006"]
[Site "Willingen GER"]
[Date "2006.06.06"]
[Round "5"]
[White "Jung, Gerhard"]
[Black "Völz, Michael"]
[Result "1/2-1/2"]
[Termination "normal"]
[Board "19"]
[WhiteElo "1836"]
[BlackElo "1629"]
[PlyCount "37"]
[WhiteFideId "24629812"]
[BlackFideId "24640107"]
[EventCountry "GER"]
[EventRounds "9"]
[EventType "swiss"]
[EventDate "2006.06.03"]

1. e4 e5 2. Nf3 Nc6 3. Bc4 Bc5 4. c3 Nf6 5. d3 h6 6. Nbd2 d6 7. O-O O-O 8. Bb3
Be6 9. Bc2 a5 10. Re1 Re8 11. Nf1 Bg4 12. Ng3 d5 13. h3 Bxf3 14. Qxf3 d4 15.
Ba4 Rb8 16. Nf5 Kh8 17. Qg3 Bf8 18. c4 g6 19. Nh4 1/2-1/2

[Event "3. ODEM U25 2006"]
[Site "Willingen GER"]
[Date "2006.06.06"]
[Round "5"]
[White "Maier, Marius"]
[Black "Koksch, Florian"]
[Result "0-1"]
[Termination "normal"]
[Board "20"]
[WhiteElo "1439"]
[BlackElo "1847"]
[PlyCount "58"]
[BlackFideId "24613584"]
[EventCountry "GER"]
[EventRounds "9"]
[EventType "swiss"]
[EventDate "2006.06.03"]

1. d4 d5 2. Nf3 e6 3. e3 Nf6 4. Bd3 c5 5. c3 Nc6 6. Nbd2 Bd6 7. O-O O-O 8. Qe2
Re8 9. dxc5 Bxc5 10. e4 e5 11. exd5 Nxd5 12. Ne4 Bb6 13. Bc2 Qe7 14. Qd3 Rd8
15. Neg5 Nf6 16. Qe2 Bg4 17. Be3 Bxe3 18. Qxe3 h6 19. Ne4 Nd5 20. Qc5 Qe6 21.
Ng3 Rac8 22. Qb5 Bxf3 23. gxf3 b6 24. Bb3 Na5 25. Rfd1 Nxb3 26. Qxb3 Qc6 27.
Rd2 Nf4 28. Rad1 Rxd2 29. Rxd2 Qxf3 0-1

[Event "3. ODEM U25 2006"]
[Site "Willingen GER"]
[Date "2006.06.06"]
[Round "5"]
[White "Jorczik, Andreas"]
[Black "Srokovskiy, Alexander"]
[Result "1-0"]
[Termination "normal"]
[Board "21"]
[WhiteElo "1867"]
[BlackElo "1493"]
[PlyCount "69"]
[WhiteFideId "24634921"]
[BlackFideId "24676330"]
[EventCountry "GER"]
[EventRounds "9"]
[EventType "swiss"]
[EventDate "2006.06.03"]

1. d4 d5 2. c4 e5 3. dxe5 d4 4. a3 Nc6 5. e3 Nge7 6. b4 Nf5 7. e4 Nfe7 8. Bb2
Be6 9. f4 Ng6 10. Qd2 d3 11. Nf3 Bxc4 12. f5 Ngxe5 13. Bxe5 Nxe5 14. Nxe5 Qh4+
15. Kd1 Bb3+ 16. Kc1 Qf6 17. Qc3 d2+ 18. Nxd2 Ba4 19. Bc4 O-O-O 20. Bxf7 Rd6
21. Be6+ Kb8 22. Bd5 g6 23. Be6 Bh6 24. Nd7+ Rxd7 25. Qxf6 Bg7 26. Qg5 Rd6 27.
f6 Rc6+ 28. Kb2 Rc2+ 29. Kb1 h6 30. fxg7 Re8 31. Qxg6 Rxd2 32. Qxe8+ Bxe8 33.
g8=Q Rd8 34. Kc2 Ba4+ 35. Kc3 1-0

[Event "3. ODEM U25 2006"]
[Site "Willingen GER"]
[Date "2006.06.06"]
[Round "5"]
[White "Onasch, Paul"]
[Black "Huynh, Nhi Lang"]
[Result "1-0"]
[Termination "normal"]
[Board "22"]
[WhiteElo "1798"]
[BlackElo "1464"]
[PlyCount "119"]
[WhiteFideId "24647896"]
[BlackFideId "24669180"]
[EventCountry "GER"]
[EventRounds "9"]
[EventType "swiss"]
[EventDate "2006.06.03"]

1. d4 d5 2. Nf3 f5 3. g3 Nf6 4. Bg2 e6 5. O-O Be7 6. c4 c6 7. b3 O-O 8. Ba3 Bd7
9. Qc1 Be8 10. Bxe7 Qxe7 11. Ne5 Nbd7 12. Nd3 Bh5 13. Qb2 Qe8 14. Re1 Bg4 15.
f3 Bh5 16. Nd2 Bg6 17. Nf4 Rd8 18. e4 fxe4 19. fxe4 Nb6 20. exd5 cxd5 21. Nxe6
dxc4 22. Nxd8 Qxd8 23. bxc4 Qc7 24. Qb4 Rd8 25. d5 Qd7 26. Qe7 Qc8 27. Qe6+ Kh8
28. Qxc8 Rxc8 29. Bf1 Ne8 30. Re6 Kg8 31. Rae1 Bf7 32. Re7 Nd6 33. Bh3 Rc5 34.
Be6 h6 35. Bxf7+ Nxf7 36. Rxb7 Nxc4 37. Nxc4 Rxc4 38. Re8+ Kh7 39. Rxf7 Rd4 40.
Rd8 Rd1+ 41. Kg2 Rd2+ 42. Rf2 Rd4 43. d6 a5 44. d7 Kg6 45. Re2 a4 46. Kf3 a3
47. Ke3 Rd6 48. Rd2 Re6+ 49. Kf2 Rf6+ 50. Ke1 Re6+ 51. Kd1 Rb6 52. Rc8 Rb1+ 53.
Ke2 Rb2 54. Rxb2 axb2 55. Rb8 b1=Q 56. Rxb1 Kf6 57. d8=Q+ Kf7 58. Rb6 g6 59.
Qd7+ Kf8 60. Rb8# 1-0

[Event "3. ODEM U25 2006"]
[Site "Willingen GER"]
[Date "2006.06.06"]
[Round "5"]
[White "Klebanov, Andrej"]
[Black "Gogol, Max"]
[Result "1-0"]
[Termination "normal"]
[Board "24"]
[WhiteElo "1758"]
[BlackElo "1220"]
[PlyCount "63"]
[WhiteFideId "24669989"]
[BlackFideId "4620429"]
[EventCountry "GER"]
[EventRounds "9"]
[EventType "swiss"]
[EventDate "2006.06.03"]

1. d4 d5 2. c4 e6 3. Nc3 c6 4. cxd5 exd5 5. Nf3 Nf6 6. Bg5 Be7 7. e3 Ne4 8.
Bxe7 Qxe7 9. Bd3 Nxc3 10. bxc3 Bg4 11. Rb1 b6 12. Qa4 Bxf3 13. gxf3 O-O 14.
Rxb6 axb6 15. Qxa8 Qd7 16. Qa4 Qd6 17. Qc2 g6 18. h4 Nd7 19. h5 c5 20. Rg1 Kg7
21. f4 c4 22. Bf5 Rg8 23. Bxd7 Qxd7 24. f5 Qd6 25. e4 dxe4 26. Qxe4 b5 27. hxg6
hxg6 28. fxg6 fxg6 29. Rg5 Rb8 30. Rd5 Qc7 31. Qe6 Rd8 32. Rxb5 1-0

[Event "3. ODEM U25 2006"]
[Site "Willingen GER"]
[Date "2006.06.06"]
[Round "5"]
[White "Schäfer, Simon"]
[Black "Gonnermann, Jan"]
[Result "0-1"]
[Termination "normal"]
[Board "25"]
[WhiteElo "1488"]
[BlackElo "1689"]
[PlyCount "108"]
[BlackFideId "24646830"]
[EventCountry "GER"]
[EventRounds "9"]
[EventType "swiss"]
[EventDate "2006.06.03"]

1. d4 Nf6 2. c4 c5 3. dxc5 Na6 4. Nc3 Nxc5 5. Nf3 g6 6. g3 Bg7 7. Bg2 O-O 8.
O-O d6 9. Be3 Be6 10. Nd2 Qc8 11. Bxc5 dxc5 12. Qc2 Bh3 13. Rac1 Bxg2 14. Kxg2
Rd8 15. Nf3 Qe6 16. b3 b6 17. Rcd1 Ng4 18. Nd5 Rd7 19. Kg1 Nf6 20. Nxf6+ Bxf6
21. Rxd7 Qxd7 22. Rd1 Qc7 23. Qd3 e6 24. Qd7 Rc8 25. Qxc7 Rxc7 26. Kf1 Kf8 27.
e3 a6 28. Rd3 Rb7 29. Ke2 Ke7 30. Rd2 b5 31. cxb5 axb5 32. Rc2 Rc7 33. Nd2 Kd7
34. Ne4 Be7 35. h4 h6 36. Rd2+ Kc6 37. Rc2 Kb6 38. Nd2 Rd7 39. Ne4 f5 40. Nd2
Bf6 41. f4 e5 42. Nf3 exf4 43. exf4 Re7+ 44. Kf2 Re4 45. Re2 Bd4+ 46. Kf1 Kc6
47. b4 Bf6 48. bxc5 Kxc5 49. Kf2 Bd4+ 50. Ke1 Kd5 51. Nxd4 Kxd4 52. Kd2 Rxe2+
53. Kxe2 Kc3 54. a4 bxa4 0-1

[Event "3. ODEM U25 2006"]
[Site "Willingen GER"]
[Date "2006.06.06"]
[Round "5"]
[White "Müller, Alexander"]
[Black "Weißbeck, Simon"]
[Result "1/2-1/2"]
[Termination "normal"]
[Board "26"]
[WhiteElo "1469"]
[BlackElo "1672"]
[PlyCount "125"]
[WhiteFideId "4624696"]
[BlackFideId "24646865"]
[EventCountry "GER"]
[EventRounds "9"]
[EventType "swiss"]
[EventDate "2006.06.03"]

1. e4 e6 2. d4 d5 3. e5 c5 4. c3 Nc6 5. Nf3 Qb6 6. Qb3 Qxb3 7. axb3 cxd4 8.
cxd4 Bb4+ 9. Bd2 Bxd2+ 10. Nbxd2 Nge7 11. Be2 O-O 12. O-O Nf5 13. Bd3 Nfxd4 14.
Nxd4 Nxd4 15. f4 Bd7 16. Rac1 Rac8 17. Rc3 Nb5 18. Bxb5 Bxb5 19. Rfc1 Bd7 20.
Nf3 Rxc3 21. Rxc3 Rc8 22. Kf2 Kf8 23. Ke3 Ke8 24. Kd4 h6 25. Rxc8+ Bxc8 26. Kc5
Kd7 27. Nd4 b6+ 28. Kb5 Bb7 29. g4 Kc7 30. f5 a6+ 31. Kb4 Bc8 32. h3 a5+ 33.
Kc3 Bd7 34. b4 axb4+ 35. Kxb4 h5 36. Kc3 Kd8 37. Kd3 Ke7 38. Ke3 hxg4 39. hxg4
Ba4 40. b3 Bd7 41. Kf4 f6 42. Nf3 Kf7 43. b4 g5+ 44. fxg6+ Kxg6 45. exf6 Kxf6
46. g5+ Kg7 47. Ne5 Bb5 48. Ng4 Bd3 49. Ke5 Bf5 50. Ne3 Kg6 51. Kf4 b5 52. Ng2
Be4 53. Ne3 Bf5 54. Ng2 d4 55. Nh4+ Kf7 56. Nf3 d3 57. Ke3 Kg6 58. Nd4 Kxg5 59.
Nxb5 Kf6 60. Nd4 Bg6 61. b5 e5 62. Nc6 Be4 63. Na5 1/2-1/2

[Event "3. ODEM U25 2006"]
[Site "Willingen GER"]
[Date "2006.06.06"]
[Round "5"]
[White "Bergner, Philipp"]
[Black "Vetter, Ulf"]
[Result "1/2-1/2"]
[Termination "normal"]
[Board "27"]
[WhiteElo "1668"]
[BlackElo "1376"]
[PlyCount "60"]
[WhiteFideId "24664839"]
[EventCountry "GER"]
[EventRounds "9"]
[EventType "swiss"]
[EventDate "2006.06.03"]

1. c4 e5 2. Nc3 Nf6 3. Nf3 Nc6 4. e3 d5 5. cxd5 Nxd5 6. Bb5 Nxc3 7. bxc3 Bd6 8.
d4 exd4 9. cxd4 O-O 10. O-O Bd7 11. e4 a6 12. Bd3 Bg4 13. Bb2 f6 14. h3 Be6 15.
d5 Bxd5 16. exd5 Ne7 17. Nd4 Qd7 18. Ne6 Rf7 19. Bc2 Nxd5 20. Bb3 c6 21. Nd4
Re7 22. Ne2 Kh8 23. Ng3 Bxg3 24. fxg3 Rae8 25. Bxd5 cxd5 26. Rf2 Qc7 27. Qxd5
Qxg3 28. Qf3 Qd6 29. Qf4 Qb6 30. Qd4 Qc7 1/2-1/2

[Event "3. ODEM U25 2006"]
[Site "Willingen GER"]
[Date "2006.06.06"]
[Round "5"]
[White "Häcker, Katrin"]
[Black "Sancar, Kenan"]
[Result "0-1"]
[Termination "normal"]
[Board "28"]
[WhiteElo "1457"]
[BlackElo "1661"]
[PlyCount "60"]
[WhiteFideId "24667986"]
[BlackFideId "24647543"]
[EventCountry "GER"]
[EventRounds "9"]
[EventType "swiss"]
[EventDate "2006.06.03"]

1. e4 d5 2. exd5 Qxd5 3. Nc3 Qd6 4. Nf3 Nf6 5. d4 a6 6. Bc4 b5 7. Bb3 Bb7 8.
O-O e6 9. Re1 Be7 10. Ne5 Nbd7 11. Nxf7 Kxf7 12. Rxe6 Qxe6 13. Bxe6+ Kxe6 14.
Qe2+ Kf7 15. Bf4 c5 16. dxc5 Bxc5 17. Rd1 Rhe8 18. Qd3 Rad8 19. h3 Bb6 20. Qf5
Nc5 21. Rxd8 Rxd8 22. Be3 Ncd7 23. Bxb6 Nxb6 24. Qc5 Nbd5 25. Nxd5 Nxd5 26. c4
bxc4 27. Qxc4 g6 28. Kf1 Ke6 29. Ke2 Ke5 30. Qh4 Nf4+ 0-1

[Event "3. ODEM U25 2006"]
[Site "Willingen GER"]
[Date "2006.06.06"]
[Round "5"]
[White "Balkan, Levent"]
[Black "Emde, Daniel"]
[Result "1/2-1/2"]
[Termination "normal"]
[Board "29"]
[WhiteElo "1380"]
[BlackElo "1636"]
[PlyCount "109"]
[BlackFideId "24602221"]
[EventCountry "GER"]
[EventRounds "9"]
[EventType "swiss"]
[EventDate "2006.06.03"]

1. e4 e6 2. d4 d5 3. e5 c5 4. c3 Nc6 5. Nf3 Qb6 6. a3 cxd4 7. cxd4 Nge7 8. b4
Nf5 9. Bb2 Be7 10. Be2 h5 11. h4 a6 12. Qd3 Bd7 13. Nbd2 Qd8 14. g3 g6 15. Nb3
b5 16. Nc5 Bxc5 17. dxc5 Qb8 18. Qd2 a5 19. O-O a4 20. Qd3 Na7 21. Bc1 Bc6 22.
Nd4 Qxe5 23. Be3 Nxe3 24. Qxe3 Qxe3 25. fxe3 Rb8 26. Rf6 Ke7 27. Raf1 Rhf8 28.
Kg2 Rbc8 29. g4 hxg4 30. Bxg4 Rc7 31. h5 gxh5 32. Bxh5 Be8 33. Bg4 Rg8 34. Kg3
e5 35. Ne2 Bd7 36. Rxf7+ Ke8 37. Kh2 Nc6 38. Bxd7+ Rxd7 39. Rxd7 Kxd7 40. Rf6
Rd8 41. Nc3 d4 42. exd4 Nxd4 43. Rd6+ Kc7 44. Rxd8 Kxd8 45. Kg2 Kd7 46. Kf2 Kc6
47. Kg3 Nc2 48. Nb1 Nd4 49. Kf2 Nb3 50. Ke3 Nxc5 51. bxc5 Kxc5 52. Kd3 b4 53.
axb4+ Kxb4 54. Kc2 e4 55. Nc3 1/2-1/2